Object Oriented Concepts through Java Programming/ (Record no. 186420)

MARC details
000 -LEADER
fixed length control field 00765nam a22002177a 4500
005 - DATE AND TIME OF LATEST TRANSACTION
control field 20250528163015.0
010 ## - LCCN (DPL NO)
LC control number ENG-145057 ENG-131823
020 ## - INTERNATIONAL STANDARD BOOK NUMBER
International Standard Book Number 9789388096126
Terms of availability 360.00
035 ## - SYSTEM CONTROL NUMBER
System control number EN-115355
035 ## - SYSTEM CONTROL NUMBER
System control number EN-128589
037 ## - SOURCE OF ACQUISITION
Source of stock number/acquisition DBAD
082 ## - DEWEY DECIMAL CLASSIFICATION NUMBER
Classification number 005.133
100 ## - MAIN ENTRY--PERSONAL NAME
Personal name Rao, K.V. Sambasiva
245 ## - TITLE STATEMENT
Title Object Oriented Concepts through Java Programming/
Statement of responsibility, etc K.V. Sambasiva Rao, D. suneetha, M. Seshu Bhavani
260 ## - PUBLICATION, DISTRIBUTION, ETC. (IMPRINT)
Place of publication, distribution, etc Hyderabad
Name of publisher, distributor, etc SevenHills International Publishers
Date of publication, distribution, etc 2019
270 ## - ADDRESS
City Hyderabad
Address # 326/C, III Floor, Surneni Nilayam Near B K Guda Park, S R Nagar
Postal code 500038
300 ## - PHYSICAL DESCRIPTION
Extent xii, 460p.
Dimensions 24cm(pbk)
700 ## - ADDED ENTRY--PERSONAL NAME
Personal name Suneetha, D.
9 (RLIN) 81421
700 ## - ADDED ENTRY--PERSONAL NAME
Personal name Bhavani, M. Seshu
9 (RLIN) 81422
942 ## - ADDED ENTRY ELEMENTS (KOHA)
Source of classification or shelving scheme Dewey Decimal Classification
Item type English Books
Classification part 005.133
Call number suffix RAO
Holdings
Withdrawn status Lost status Not for loan Collection code Home library Current library Date acquired Source of acquisition Cost, normal purchase price Full call number Barcode Copy number Cost, replacement price Koha item type
      Non-fiction New Police Line New Police Line 28/05/2025 Delivery of Books Act Division 360.00 005.133 RAO EN-128589 1 360.00 English Books
      Non-fiction Sarojini Nagar Sarojini Nagar 28/02/2022 DBAD/PUB 360.00 005.133 RAO EN-115355 1 360.00 English Books

© Delhi Public Library
Hit Counter
free hit counter